Ojcze Nasz - Po Łacinie - Statystyki

Ogólne statystyki
  • Ten quiz został rozwiązany 65 razy
  • Średni wynik to 30 z 50
Statystyki odpowiedzi
Tłumaczenie Odpowiedź % Poprawnych
W In
91%
W In
91%
Na In
91%
Na In
91%
My Nos
89%
Wódź (Nas) Nos
89%
Zbaw (Nas) Nos
89%
Nasz Noster
89%
Ojcze Pater
89%
Ode A
86%
Jest Es
77%
Który Qui
74%
Imię Nomen
69%
Królestwo Regnum
69%
Amen Amen
66%
Twoje Tuum
66%
Twoje Tuum
66%
Przyjdź Adveniat
57%
Niebie Caelis
57%
Bądź Fiat
57%
Twoja Tua
57%
Tak i Et
54%
I Et
54%
I Et
54%
I Et
54%
Naszego Nostrum
54%
Święć się Sanctificetur
54%
Ziemi Terra
54%
Wola Voluntas
54%
Winy (Nasze) Nostra
51%
Chleba Panem
51%
Jako Sicut
51%
Jako Sicut
51%
Niebie Caelo
49%
Daj Da
49%
Dzisiaj Hodie
49%
Złego Malo
49%
Nam Nobis
49%
Nam Nobis
49%
Winowajcom (Naszym) Nostris
49%
Nas (Zbaw) Libera
46%
Nie Ne
46%
Pokuszenie Tentationem
46%
Ale Sed
43%
Powszedniego Quotidianum
40%
Nasze (Winy) Debita
37%
Naszym (Winowajcom Debitoribus
37%
Odpuszczamy Dimittimus
37%
Nas (Wódź) Inducas
37%
Odpuść Dimitte
34%
Nie znaleziono quizów pasujących do podanych kryteriów
Rozkład punktacji
Procent ludzi z każdym wynikiem
Percentyl według liczby udzielonych odpowiedzi
Twoja historia wyników
Nie rozwiązałeś tego quizu